000 00766nam a2200217 a 4500
001 vtls003117242
003 MY-SjTCS
005 20200226113025.0
008 110218t2007 si ao 000 0 eng d
020 _a9812454136 (pbk.)
039 9 _a201102181646
_bVLOAD
_c200809191515
_dsuankui
_c200809081418
_dmalathy
_y200809041809
_zmalathy
082 0 4 _a725.71
_bMOS
100 1 _aMostaedi, Arian.
_918002
245 1 0 _aNew perspectives :
_bcafes, bars & restaurants /
_c[author, Arian Mostaedi].
260 _aSingapore :
_bPage One,
_c2007.
300 _a253 p. :
_bcol. ill., plans ;
_c23 cm.
650 0 _aRestaurants
_xDecoration
_915105
650 0 _aBars (Drinking establishments)
_916306
650 0 _aCoffeehouses
_xDecoration
_928595
920 _aBLT(DIP) : 527416
999 _c102668